Greatest Classics for Kids/ (Record no. 203394)

MARC details
000 -LEADER
fixed length control field 00475 a2200181 4500
005 - DATE AND TIME OF LATEST TRANSACTION
control field 20240530112838.0
010 ## - LCCN (DPL NO)
LC control number B-759269
020 ## - INTERNATIONAL STANDARD BOOK NUMBER
International Standard Book Number 9788119099436
Terms of availability 175.00
035 ## - SYSTEM CONTROL NUMBER
System control number B-759269
037 ## - SOURCE OF ACQUISITION
Source of stock number/acquisition Gift
082 ## - DEWEY DECIMAL CLASSIFICATION NUMBER
Classification number S
245 ## - TITLE STATEMENT
Title Greatest Classics for Kids/
260 ## - PUBLICATION, DISTRIBUTION, ETC. (IMPRINT)
Place of publication, distribution, etc Noida
Name of publisher, distributor, etc Maple Press Private Limited
Date of publication, distribution, etc 2023
270 ## - ADDRESS
Address A-63 Sector-58
City Noida
Postal code 201301
300 ## - PHYSICAL DESCRIPTION
Extent 184 p.
Dimensions 21 cm(Pb)
942 ## - ADDED ENTRY ELEMENTS (KOHA)
Institution code [OBSOLETE] dpl
Item type Children Books
Source of classification or shelving scheme Dewey Decimal Classification
Classification part S
Call number suffix GRE
Holdings
Withdrawn status Lost status Not for loan Collection code Home library Current library Date acquired Source of acquisition Cost, normal purchase price Full call number Barcode Copy number Cost, replacement price Koha item type Public note
      Fiction Ashok Vihar Ashok Vihar 30/05/2024 Gift/28.5.24 175.00 S GRE B-759269 1 175.00 Children Books Gift

© Delhi Public Library
Hit Counter
free hit counter